000 005060000a22002050004500
003 LK-CoMWRAF
005 20231103131127.0
008 230817t ||||| |||| 00| 0 eng d
020 _a8171676642
040 _aLK-CoMWRAF
_dLK-CoMWRAF
_eLK-CoMWRAF
041 _aeng
082 _a821
_bTAG
100 _aTagore, Rabindranath
245 _aSelected Poems :
_bVolume v
260 _aNew Delhi (India) :
_bRupa & company,
_c2002
300 _a56p
490 _aVolume v
650 _aPoems
942 _cBK
999 _c1405
_d1405